| 000 | 01355nam a2200289Ia 4500 | ||
|---|---|---|---|
| 999 |
_c6673 _d6673 |
||
| 003 | OSt | ||
| 005 | 20200421101739.0 | ||
| 008 | 191128s2005 ck ao gr 000 0dspa d | ||
| 020 | _a9789589219072 | ||
| 040 |
_aCO-JMCR _cCO-JMCR |
||
| 041 | 0 | _aspa | |
| 082 | 0 | 4 |
_a303.62 / _bG993v |
| 100 | 1 |
_aGuzmán Campos, Germán, _eautor _93318 |
|
| 245 | 1 | 3 |
_aLa violencia en Colombia / _cGermán Guzmán Campos, Orlando Fals Borda, Eduardo Umaña Luna |
| 250 | _aSegunda edición | ||
| 260 |
_aBogotá : _bTaurus, _c2005 |
||
| 300 |
_a517 páginas : _bfotografías a color ; _c24 cm. |
||
| 490 | 0 | _aHistoria | |
| 505 | _aNormas propias y actitudes del conflicto -- Un problema social: la niñez abandonada -- En busca de una terapéutica | ||
| 520 | _aEn 1958, bajo el gobierno de la Junta Militar, se creó una comisión encargada de establecer las causas de la violencia en Colombia. De esta comisión fue parte monseñor Germán Guzman, párroco de el Líbano (Tolima), una de las zonas más afectadas. | ||
| 650 | 1 | 4 |
_aViolencia _xHistoria _y1930-1958 _zColombia _93319 |
| 650 | 2 | 4 |
_aConflicto armado _x Historia _y1930-1958 _zColombia _93320 |
| 650 | 2 | 4 |
_aGuerrillas _xHistoria _y1930-1958 _zColombia _93321 |
| 650 | 2 | 4 |
_aNiños y violencia _xHistoria _y1930-1958 _zColombia _93322 |
| 700 | 1 |
_aUmaña Luna, Pedro Eduardo, _e autor _93323 |
|
| 942 |
_2ddc _cBK |
||